Slzy, vzdychy a prosby (Record no. 20438)
[ view plain ]
| 000 -LEADER | |
|---|---|
| fixed length control field | 01217nam a2200385 a 4500 |
| 001 - CONTROL NUMBER | |
| control field | 20438 |
| 003 - CONTROL NUMBER IDENTIFIER | |
| control field | VRT |
| 005 - DATE AND TIME OF LATEST TRANSACTION | |
| control field | 20260122140714.0 |
| 008 - FIXED-LENGTH DATA ELEMENTS--GENERAL INFORMATION | |
| fixed length control field | 960531q1995 xo p 000 p slo c |
| 020 ## - INTERNATIONAL STANDARD BOOK NUMBER | |
| International Standard Book Number | 8088834104 (brož.) |
| 035 ## - SYSTEM CONTROL NUMBER | |
| System control number | UKB000184599 |
| 040 ## - CATALOGING SOURCE | |
| Original cataloging agency | BAA001 |
| Language of cataloging | slo |
| Transcribing agency | BAA001 |
| Description conventions | AACR2 |
| 041 1# - LANGUAGE CODE | |
| Language code of text/sound track or separate title | slo |
| Language code of original | lat |
| 044 ## - COUNTRY OF PUBLISHING/PRODUCING ENTITY CODE | |
| MARC country code | xo |
| ISO country code | SK |
| 080 ## - UNIVERSAL DECIMAL CLASSIFICATION NUMBER | |
| Universal Decimal Classification number | 885.4-93-1(08) |
| 243 10 - COLLECTIVE UNIFORM TITLE | |
| Uniform title | <a href="Slovenská renesancia">Slovenská renesancia</a> |
| 245 10 - TITLE STATEMENT | |
| Title | Slzy, vzdychy a prosby |
| Remainder of title | výber zo slovenskej humanistickej a renesančnej poézie |
| Statement of responsibility, etc. | [prel. Miloslav Okál, Jozef Minárik] |
| 260 ## - PUBLICATION, DISTRIBUTION, ETC. | |
| Place of publication, distribution, etc. | Rohovce |
| Name of publisher, distributor, etc. | Interpopulart Slovakia |
| Date of publication, distribution, etc. | [1995] |
| 300 ## - PHYSICAL DESCRIPTION | |
| Extent | 111 s |
| 490 1# - SERIES STATEMENT | |
| Series statement | Populart. Študentská knižnica |
| Volume/sequential designation | 11 |
| 500 ## - GENERAL NOTE | |
| General note | Slovenská renesancia |
| 504 ## - BIBLIOGRAPHY, ETC. NOTE | |
| Bibliography, etc. note | Bibliogr. s. 110 |
| 650 07 - SUBJECT ADDED ENTRY--TOPICAL TERM | |
| Topical term or geographic name entry element | literatúra slovenská klasická |
| 650 07 - SUBJECT ADDED ENTRY--TOPICAL TERM | |
| Topical term or geographic name entry element | poézia |
| 653 ## - INDEX TERM--UNCONTROLLED | |
| Uncontrolled term | 885.4-93-1(08) |
| 700 1# - ADDED ENTRY--PERSONAL NAME | |
| Personal name | Okál, Miloslav |
| Relationship | trl |
| 700 1# - ADDED ENTRY--PERSONAL NAME | |
| Personal name | Minárik, Jozef |
| Relationship | trl |
| 760 1# - MAIN SERIES ENTRY | |
| Title | Populart. Študentská knižnica |
| 830 #0 - SERIES ADDED ENTRY--UNIFORM TITLE | |
| Uniform title | Populart. Študentská knižnica |
| Volume/sequential designation | 11 |
| 910 ## - USER-OPTION DATA (OCLC) | |
| User-option data | ukb |
| 942 ## - ADDED ENTRY ELEMENTS (KOHA) | |
| Source of classification or shelving scheme | Dewey Decimal Classification |
| Koha item type | Krásna literatúra pre dospelých |
| Suppress in OPAC | No |
| 949 ## - LOCAL PROCESSING INFORMATION (OCLC) | |
| 6 | 1800004732 |
| a | 30.D.64385 |
| b | PV.1823-96 |
| 949 ## - LOCAL PROCESSING INFORMATION (OCLC) | |
| 6 | 1800004733 |
| a | SL.D.23194 |
| b | PV.1824-96 |
| 949 ## - LOCAL PROCESSING INFORMATION (OCLC) | |
| 6 | 1800006908 |
| a | 30.D.64385 |
| b | KD.177-96 |
| Stav vyradenia | Strata | Poškodenie | Spôsob nadobudnutia | Domovská knižnica | Aktuálna knižnica | Dátum nadobudnutia | Total checkouts | Čiarový kód exemplára | Date last seen | Typ exemplára |
|---|---|---|---|---|---|---|---|---|---|---|
| Dar | Obecná knižnica Horná Štubňa | Obecná knižnica Horná Štubňa | 22.01.2026 | 8088834104 | 22.01.2026 | Krásna literatúra pre dospelých |
